特急「ラピート」の停車駅 - Statistics

General Stats
  • This quiz has been taken 143 times
  • The average score is 7 of 8
Answer Stats
停車駅 % Correct
α.β なんば
97%
α.β 関西空港
97%
α.β 新今宮
93%
α.β りんくうタウン
93%
β
92%
α.β 天下茶屋
91%
α.β 泉佐野
91%
β 岸和田
82%
No matching quizzes found
Score Distribution
Percent of People with Each Score
Percentile by Number Answered
Your Score History
You have not taken this quiz